000 01279nam a22003497a 4500
003 CHAP
005 20220329143622.0
008 101014s2008 mx r 00010 spa d
010 _a99424
011 _a100396
035 _a111082
040 _cCHAP
090 _aTesis
100 1 _aHernández Segura, José Juan.
_954614
245 1 0 _aRendimiento de flor para corte de crisantemo var. polaris, en tres sistemas de producción
_c/por José Juan hernández Segura
260 _aCocula, Gro. :
_bEl autor,
_c2008
300 _axii, 83 h. :
_bilus. , cuadros, gráfs. , mapa
502 _aTesis (Ing. Agr. Fitotecnista) -- CSAEGRO. Centro de Estudios Profesionales
590 _aALEPH
_b10
_c20130110
_lUCH01
_h1536
590 _aBATCH-UPD
_b10
_c20130110
_lUCH01
_h1304
590 _aBATCH-UPD
_b10
_c20130410
_lUCH01
_h0821
590 _aBATCH-UPD
_b10
_c20130914
_lUCH01
_h1058
590 _aCONVERSION
_b10
_c20130109
_lUCH01
_h1355
650 1 4 _aCrisantemo
_xMéxico (Edo.)
_928960
650 1 4 _aCrisantemo
_xRendimiento.
_928966
650 1 4 _aCrisantemo
_xVariedades.
_928968
650 1 4 _aFlores
_xCorte.
_941368
650 1 4 _aSistemas de producción.
_9106767
901 _aBK
942 _cTESIS
949 _aTesis
_bBC
_cTES
_d33724002118462
_eTS1
_gDonaciØn
_h51133
_i111082
_sb
999 _c99424
_d99424